[Event "Regionalliga SW 1213"]
[Site "Bayern"]
[Date "2013.03.17"]
[Round "8.7"]
[White "Boehm, Uwe"]
[Black "Reiners, Michael"]
[Result "1-0"]
[WhiteElo "2074"]
[BlackElo "1784"]
[PlyCount "37"]
[EventDate "2012.10.14"]
[EventType "team-tourn"]
[EventRounds "9"]
[EventCountry "GER"]
[SourceTitle "EXT 2015"]
[Source "ChessBase"]
[SourceDate "2014.11.20"]
[SourceVersion "1"]
[SourceVersionDate "2014.11.20"]
[SourceQuality "1"]
[WhiteTeam "Muenchen Siemens"]
[BlackTeam "Kaufbeuren"]
[WhiteTeamCountry "GER"]
[BlackTeamCountry "GER"]

1. d4 d5 2. Nc3 e6 3. e4 dxe4 4. Nxe4 Nf6 5. Bd3 Be7 6. Nf3 0-0 7. Qe2 Nbd7 8. 0-0 c6 9. Bf4 Nxe4 10. Qxe4 Nf6 11. Qe2 b6 12. Rad1 Bb7 13. c4 Re8 14. a3 a5 15. Rfe1 Bf8 16. Bg5 h6 17. Bh4 Be7 18. Ne5 Rc8 19. Nxf7 1-0

[Event "Regionalliga SW 1213"]
[Site "Bayern"]
[Date "2012.12.09"]
[Round "4.6"]
[White "Reiners, Michael"]
[Black "Garbotz, Julian"]
[Result "0-1"]
[WhiteElo "1784"]
[BlackElo "1901"]
[PlyCount "120"]
[EventDate "2012.10.14"]
[EventType "team-tourn"]
[EventRounds "9"]
[EventCountry "GER"]
[SourceTitle "EXT 2015"]
[Source "ChessBase"]
[SourceDate "2014.11.20"]
[SourceVersion "1"]
[SourceVersionDate "2014.11.20"]
[SourceQuality "1"]
[WhiteTeam "Kaufbeuren"]
[BlackTeam "MSA Zugzwang II"]
[WhiteTeamCountry "GER"]
[BlackTeamCountry "GER"]

1. e4 c5 2. c4 Nc6 3. f4 e6 4. Nc3 g6 5. Nf3 Bg7 6. Be2 Nge7 7. d3 0-0 8. 0-0 d5 9. cxd5 exd5 10. e5 f6 11. exf6 Bxf6 12. Kh1 Re8 13. Ne1 Nd4 14. Bg4 Nef5 15. Bf3 Be6 16. Bd2 b5 17. Rb1 b4 18. Ne2 Bf7 19. Nxd4 Nxd4 20. Nc2 Nxf3 21. Rxf3 d4 22. b3 Qe7 23. Rf1 Qe2 24. Qxe2 Rxe2 25. Rbd1 Bd5 26. Ne1 Rae8 27. Kg1 a5 28. f5 g5 29. Rf2 g4 30. Kf1 R2e7 31. Bh6 Kf7 32. Bf4 Be5 33. Bg5 Ra7 34. g3 a4 35. Rb1 axb3 36. axb3 Ra3 37. Rfb2 Bd6 38. Ng2 Bxg2+ 39. Kxg2 Kg7 40. Rf1 h6 41. Bd2 Re2+ 42. Kg1 Kf7 43. Rfb1 h5 44. Rf1 h4 45. gxh4 Bxh2+ 46. Kh1 Bd6 47. Rfb1 Rh2+ 48. Kg1 Rxh4 49. Re1 Rh2 50. Rf1 Ra8 51. Bf4 Rxb2 52. Bxd6 Raa2 53. Re1 Rxb3 54. Bxc5 Rxd3 55. Bxb4 Rg3+ 56. Kh1 Re3 57. Rd1 d3 58. Bc5 Re4 59. Kg1 d2 60. Bf2 Rc2 0-1

[Event "Regionalliga SW 1112"]
[Site "Bayern"]
[Date "2012.02.26"]
[Round "7.7"]
[White "Reiners, Michael"]
[Black "Epple, Ulrich"]
[Result "1/2-1/2"]
[WhiteElo "1757"]
[BlackElo "1992"]
[PlyCount "53"]
[EventDate "2011.10.02"]
[EventType "team-tourn"]
[EventRounds "9"]
[EventCountry "GER"]
[SourceTitle "EXT 2015"]
[Source "ChessBase"]
[SourceDate "2014.11.20"]
[SourceVersion "1"]
[SourceVersionDate "2014.11.20"]
[SourceQuality "1"]
[WhiteTeam "Kaufbeuren"]
[BlackTeam "Tuerkheim/Bad Woerishofen"]
[WhiteTeamCountry "GER"]
[BlackTeamCountry "GER"]

1. e4 c5 2. c4 Nc6 3. f4 e6 4. d3 d5 5. cxd5 exd5 6. e5 Nh6 7. Nc3 g6 8. Be2 Nf5 9. Nf3 h5 10. 0-0 Be6 11. Ng5 a6 12. a4 Be7 13. Nf3 Qd7 14. b3 Kf8 15. Rb1 Kg7 16. Qe1 Rhb8 17. Nd1 b5 18. axb5 axb5 19. Ne3 Ra2 20. Rf2 Nb4 21. Bf1 Rba8 22. Rxa2 Rxa2 23. Bd2 Nxe3 24. Qxe3 Nc2 25. Qf2 Na3 26. Rd1 Rb2 27. f5 1/2-1/2

[Event "Regionalliga SW 9495"]
[Site "Bayern"]
[Date "1995.??.??"]
[Round "?.4"]
[White "Reiners, Michael"]
[Black "Daurer, Walter"]
[Result "0-1"]
[WhiteElo "1875"]
[BlackElo "2130"]
[PlyCount "90"]
[EventDate "1994.10.??"]
[EventType "team-tourn"]
[EventRounds "9"]
[EventCountry "GER"]
[SourceTitle "EXT 1999"]
[Source "ChessBase"]
[SourceDate "1998.11.16"]
[SourceVersion "1"]
[SourceVersionDate "1998.11.16"]
[SourceQuality "1"]
[WhiteTeam "Kaufbeuren"]
[BlackTeam "Kriegshaber SK"]
[WhiteTeamCountry "GER"]
[BlackTeamCountry "GER"]

1. e4 c5 2. Nf3 Nc6 3. d4 cxd4 4. Nxd4 Nf6 5. Nxc6 bxc6 6. Bd3 d6 7. 0-0 e5 8. c4 Be7 9. Nc3 0-0 10. Kh1 Qc7 11. f4 exf4 12. Bxf4 Nd7 13. Rc1 Bf6 14. Bb1 Ne5 15. b3 Be6 16. Nd5 Bxd5 17. exd5 c5 18. Bg3 Qe7 19. Qc2 g6 20. Rce1 Bh4 21. Qf2 Bxg3 22. Qxg3 Kh8 23. Qf4 f5 24. h3 Qg7 25. Qd2 Rf7 26. Re2 Raf8 27. Ref2 h5 28. Qg5 Kh7 29. a3 Qh6 30. Qxh6+ Kxh6 31. Bc2 a5 32. Rf4 Kg7 33. g3 Rb8 34. Rb1 Rfb7 35. Rff1 a4 36. b4 Nxc4 37. Rbe1 cxb4 38. axb4 Ne5 39. Bxa4 Rxb4 40. Ra1 Rb2 41. Rac1 Rd2 42. Rcd1 Rbb2 43. Rxd2 Rxd2 44. Bb3 Rd3 45. Rb1 Rxg3 0-1

[Event "Regionalliga SW 9495"]
[Site "Bayern"]
[Date "1995.??.??"]
[Round "?.5"]
[White "Reisch, Stefan"]
[Black "Reiners, Michael"]
[Result "1-0"]
[WhiteElo "1955"]
[BlackElo "1875"]
[PlyCount "67"]
[EventDate "1994.10.??"]
[EventType "team-tourn"]
[EventRounds "9"]
[EventCountry "GER"]
[SourceTitle "EXT 1999"]
[Source "ChessBase"]
[SourceDate "1998.11.16"]
[SourceVersion "1"]
[SourceVersionDate "1998.11.16"]
[SourceQuality "1"]
[WhiteTeam "Haunstetten"]
[BlackTeam "Kaufbeuren"]
[WhiteTeamCountry "GER"]
[BlackTeamCountry "GER"]

1. e4 e5 2. Nf3 Nc6 3. Bb5 a6 4. Ba4 Nf6 5. 0-0 b5 6. Bb3 Be7 7. Re1 0-0 8. c3 d6 9. h3 Bb7 10. d4 Qe8 11. Nbd2 Rd8 12. a4 Ra8 13. Nf1 Qc8 14. Ng3 Bd8 15. Nf5 Nxe4 16. Nh6+ Kh8 17. Nxf7+ Rxf7 18. Bxf7 Qf5 19. Bd5 Nxf2 20. Kxf2 Bh4+ 21. Kg1 Bxe1 22. Qxe1 exd4 23. Bxc6 Bxc6 24. Nxd4 Qd5 25. Nxc6 Qxc6 26. Be3 Re8 27. Qg3 Qd7 28. axb5 axb5 29. Ra7 Kg8 30. Kh2 Qd8 31. Bd4 g6 32. Qf3 Qe7 33. Qd5+ Kf8 34. Ra1 1-0